000 00565nam a2200193Ia 4500
003 GCL
008 140319s9999 xx 000 0 ara d
040 _aGCL /
_cGCL
082 0 4 _a227.681
_bس م
100 1 _aالسيد تقى الدين
245 1 0 _aمن الوجهة الادبية فى دراسة القرآن الكريم /
_cالسيد تقى الدين
300 _aمتعدد
490 _aكتاب
_v0
650 0 4 _aالبلاغة
650 0 4 _aتفاسير
650 0 4 _aالقران فى الادب
650 0 4 _aالقران
942 _2ddc
_cBK
999 _c42943
_d42943